00460nam a2200193Ia 4500003000400000005001700004008004100021020001800062040000700080041000800087082001600095100004000111245002100151250000600172260004200178300001800220365001300238650001500251OSt20230330154306.0210423s2008 xx 000 0 und d a9780195691658 cAL aeng a658.11 CRAA aCRANE (Andrew Crane);MATTEN (Dirk). aBusiness ethics. a2 aOxfordbOxford University Pressc2008 axxiii,566bPB b350cINR aManagement